Southville International School and Colleges
Your cart is empty.
  • Cart
  • Lists
    Public lists Eva Luna New books Lux_list list_1
    Your lists Log in to create your own lists
  • Log in to your account
  • Your cookies
  • Search history
Southville International School and Colleges
  • Advanced search
  • Recent comments
  • Most popular
  • Libraries

Log in to your account

Log in with GOOGLE


If you do not have an external account, but do have a local account, you can still log in:

  1. Home
  2. MARC view: The Oxford first atlas (ages 7-9).
Normal view MARC view ISBD view

The Oxford first atlas (ages 7-9). (Record no. 103350)

[ view plain ]
MARC details
000 -LEADER
fixed length control field 00502nam a2200169 a 4500
005 - DATE AND TIME OF LATEST TRANSACTION
control field 20140412111300.0
008 - FIXED-LENGTH DATA ELEMENTS--GENERAL INFORMATION
fixed length control field 000904s19uu xx 00 eng d
020 ## - INTERNATIONAL STANDARD BOOK NUMBER
International Standard Book Number 0-19-831794-8
050 ## - LIBRARY OF CONGRESS CALL NUMBER
Classification number REF 912
Item number O93 1996
245 ## - TITLE STATEMENT
Title The Oxford first atlas (ages 7-9).
260 ## - PUBLICATION, DISTRIBUTION, ETC. (IMPRINT)
Place of publication, distribution, etc Oxford :
Name of publisher, distributor, etc Oxford University Press,
Date of publication, distribution, etc 1996.
300 ## - PHYSICAL DESCRIPTION
Extent 48 p.
500 ## - GENERAL NOTE
General note Includes index
520 ## - SUMMARY, ETC.
Summary, etc The Oxford First Atlas is a bright and informative atlas for 7-9 years olds.
650 ## - SUBJECT ADDED ENTRY--TOPICAL TERM
Topical term or geographic name as entry element Atlas
Holdings
Withdrawn status Lost status Damaged status Home library Current library Shelving location Date acquired Source of acquisition Total Checkouts Full call number Barcode Date last seen Price effective from Koha item type
      Elizalde Library Elizalde Library Reference Section 09/04/2000     REF 912 O93 1996 E4564 04/12/2014 04/12/2014 Books

The Oxford first atlas (ages 7-9).

APA

(1996). The Oxford first atlas (ages 7-9). Oxford: Oxford University Press.

Chicago

1996. The Oxford first atlas (ages 7-9). Oxford: Oxford University Press.

Harvard

(1996). The Oxford first atlas (ages 7-9). Oxford: Oxford University Press.

MLA

The Oxford first atlas (ages 7-9). Oxford: Oxford University Press. 1996.

  • Place hold
  • Print
  • Cite
  • Add to your cart (remove)
  • Save record
    BIBTEX Dublin Core MARCXML MARC (non-Unicode/MARC-8) MARC (Unicode/UTF-8) MARC (Unicode/UTF-8, Standard) MODS (XML) RIS
  • More searches
    Search for this title in:
    Other Libraries (WorldCat) Other Databases (Google Scholar) Online Stores (Bookfinder.com) Open Library (openlibrary.org)

Exporting to Dublin Core...

SOUTHVILLE LIBRARY

Southville International School and Colleges Library

1281 Tropical Ave. Cor. Luxembourg St., BF Homes International, Las Pinas City

Tel. No. 8256374 / 252358 Loc. 117/146

Powered by Koha